| 000 | 01011nam a2200325 c 4500 | ||
|---|---|---|---|
| 999 |
_c333322 _d333322 |
||
| 003 | BLK | ||
| 005 | 20190730143945.0 | ||
| 008 | 180408b bul|||||r ||||||| ||bul|| | ||
| 010 | _aKNG00041291000 | ||
| 020 | _a0-14-013487-5 | ||
| 040 | _aBLK | ||
| 041 |
_aENG _cENG |
||
| 080 |
_aЕтимология. Образуване на думите. Формиране и семантика _b81`373.6 _z81`373.6 |
||
| 100 | 1 |
_aLeech, Geoffrey _916727 |
|
| 139 |
_aLeech, Geoffrey _bL 47 |
||
| 245 | 1 | 0 |
_aSemantics _cGeoffrey Leech. _bThe Study of Meaning |
| 250 | _a2. Ed. | ||
| 257 | _aGBR | ||
| 260 |
_bPenguin Books _c1990 _9209859 _aLondon _n978-0-14- |
||
| 300 |
_a388 c. _c20 cm |
||
| 380 | _a80 | ||
| 650 | 4 |
_aСемантика _9170778 |
|
| 653 | _aсемантика | ||
| 856 | 4 | _qpdf | |
| 856 | 4 | _qpdf | |
| 942 |
_cKNG _n0 _s1 |
||
| 944 |
_aCR _c15.01.2003 _kТеодора_Стоянова |
||
| 944 |
_aED _c30.06.2005 |
||
| 999 | _d333322 | ||
| 999 | _d38098 | ||